Mathematical Tools for Instrumentation & Signal Processing in Astronomy (Record no. 20667)

MARC details
000 -LEADER
fixed length control field 00750nam a2200229Ia 4500
003 - CONTROL NUMBER IDENTIFIER
control field IN-BaIIA
008 - FIXED-LENGTH DATA ELEMENTS--GENERAL INFORMATION
fixed length control field 211028s9999 xx s 000 0 eng d
020 ## - INTERNATIONAL STANDARD BOOK NUMBER
International Standard Book Number 978-2-7598-9006-4 (Online)
022 ## - INTERNATIONAL STANDARD SERIAL NUMBER
International Standard Serial Number 1633-4760 (Print)
022 ## - INTERNATIONAL STANDARD SERIAL NUMBER
International Standard Serial Number 1638-1963 (Online)
040 ## - CATALOGING SOURCE
Transcribing agency IIA Library
100 ## - MAIN ENTRY--PERSONAL NAME
Personal name Mary, D., ed.
9 (RLIN) 38272
245 #0 - TITLE STATEMENT
Title Mathematical Tools for Instrumentation & Signal Processing in Astronomy
Medium [eBook]
260 ## - PUBLICATION, DISTRIBUTION, ETC.
Place of publication, distribution, etc. France
Name of publisher, distributor, etc. EDP Sciences
Date of publication, distribution, etc. 2016
300 ## - PHYSICAL DESCRIPTION
Extent 305p.
490 ## - SERIES STATEMENT
Series statement EAS Publications Series
700 ## - ADDED ENTRY--PERSONAL NAME
Personal name Aime, C.
9 (RLIN) 38273
700 ## - ADDED ENTRY--PERSONAL NAME
Personal name Flamary, R.
9 (RLIN) 38274
700 ## - ADDED ENTRY--PERSONAL NAME
Personal name Theys, C.
9 (RLIN) 38275
856 ## - ELECTRONIC LOCATION AND ACCESS
Uniform Resource Identifier <a href="https://www.eas-journal.org/articles/eas/abs/2016/02/contents/contents.html">https://www.eas-journal.org/articles/eas/abs/2016/02/contents/contents.html</a>
Link text Click Here to Access eBook
942 ## - ADDED ENTRY ELEMENTS (KOHA)
Koha item type eBooks
Holdings
Withdrawn status Lost status Damaged status Not for loan Home library Current library Date acquired Source of acquisition Serial Enumeration / chronology Total Checkouts Barcode Date last seen Uniform Resource Identifier Price effective from Koha item type
        IIA Library-Bangalore IIA Library-Bangalore 01/01/2013 EDP Sciences V. 78-79   EB127 05/11/2021 https://www.eas-journal.org/articles/eas/abs/2016/02/contents/contents.html 05/11/2021 eBooks

Powered by Koha